[Event "4th HD Bank Cup 2014"]
[Site "Ho Chi Minh City VIE"]
[Date "2014.03.10"]
[Round "1.3"]
[White "Nguyen, Ngoc Truong Son"]
[Black "Hoang, Thi Bao Tram"]
[Result "1-0"]
[WhiteTitle "GM"]
[BlackTitle "WGM"]
[WhiteElo "2613"]
[BlackElo "2269"]
[WhiteFideId "12401110"]
[BlackFideId "12401102"]
[EventDate "2014.03.10"]

1. d4 d5 2. c4 c6 3. Nf3 Nf6 4. Nc3 dxc4 5. a4 e6 6. e4 Bb4 7. Bg5 Qa5 8. Bd2
O-O 9. Bxc4 c5 10. Qe2 Nc6 11. dxc5 e5 12. Nd5 Nxd5 13. Bxd5 Bg4 14. Qb5 Bxf3
15. Qxa5 Bxa5 16. gxf3 Bxd2+ 17. Kxd2 Rac8 18. Rhc1 a5 19. Ra3 Rc7 20. Bxc6 bxc6
21. Rd3 h6 22. Rc4 Rb7 23. b4 axb4 24. Kc2 f5 25. Kb3 fxe4 26. Rxe4 Rf5 27. Rxb4
Rbf7 28. Rb8+ Kh7 29. Rb6 Rxf3 30. Rxf3 Rxf3+ 31. Kb4 Rxf2 32. Rxc6 Rb2+ 33. Kc3
Rxh2 34. Rd6 Rh3+ 35. Rd3 Rh1 36. Kc4 Ra1 37. Kb4 e4 38. Rc3 Rb1+ 39. Ka5 Rb8
40. c6 Ra8+ 41. Kb5 h5 42. c7 Rc8 43. Kb6 h4 44. Kb7 Re8 45. c8=Q Rxc8 46. Kxc8 1-0

[Event "4th HD Bank Cup 2014"]
[Site "Ho Chi Minh City VIE"]
[Date "2014.03.10"]
[Round "1.4"]
[White "Tu, Hoang Thai"]
[Black "Zhang, Zhong"]
[Result "0-1"]
[WhiteTitle "IM"]
[BlackTitle "GM"]
[WhiteElo "2250"]
[BlackElo "2600"]
[WhiteFideId "12400351"]
[BlackFideId "8600694"]
[EventDate "2014.03.10"]

1. e4 c5 2. b3 d6 3. Bb2 Nf6 4. Nc3 a6 5. d4 cxd4 6. Qxd4 Nc6 7. Qe3 Bd7 8. Be2
Rc8 9. a3 e5 10. Nf3 Be7 11. O-O O-O 12. h3 Re8 13. Rfd1 Bf8 14. Rac1 Qc7 15.
Bf1 Ne7 16. Ne2 Qc6 17. Ng3 Ng6 18. c4 b6 19. Ne1 Qb7 20. Nd3 h5 21. f3 h4 22.
Ne2 b5 23. cxb5 d5 24. Rxc8 Bxc8 25. exd5 Nxd5 26. Qf2 Qxb5 27. b4 Bf5 28. Nxe5
Nxe5 29. Nf4 Nd3 30. Bxd3 Bxd3 31. Nxd3 Ne3 32. Rd2 Nc4 33. Rd1 Ne3 34. Rd2 Nc4
35. Rd1 a5 36. Bd4 Nxa3 37. bxa5 Qa4 38. Nb2 Qxa5 39. Qxh4 Re2 40. Nd3 Qa4 41.
Rc1 Nc2 42. Bf2 Qb3 43. Ne1 Be7 44. Qg4 Rxf2 45. Qc8+ Bf8 46. Rxc2 Rxc2 47. Nxc2
g6 48. Kf2 Qd3 49. Ne1 Qd4+ 50. Ke2 Kg7 51. Nd3 Be7 52. Qc1 Bf6 53. Qe3 Qd5 54.
Qd2 Bd4 55. Qc2 Qg5 56. Kd1 Qe3 0-1

[Event "4th HD Bank Cup 2014"]
[Site "Ho Chi Minh City VIE"]
[Date "2014.03.10"]
[Round "1.5"]
[White "Lu, Shanglei"]
[Black "Tran, Ngoc Lan"]
[Result "1-0"]
[WhiteTitle "GM"]
[WhiteElo "2558"]
[BlackElo "2244"]
[WhiteFideId "8603332"]
[BlackFideId "12401811"]
[EventDate "2014.03.10"]

1. e4 e5 2. Nf3 Nc6 3. Bb5 a6 4. Ba4 Nf6 5. O-O Be7 6. d3 b5 7. Bb3 d6 8. a4 Bg4
9. c3 O-O 10. h3 Bxf3 11. Qxf3 Na5 12. Bc2 c5 13. axb5 axb5 14. Bg5 Nd7 15. Be3
Bg5 16. Nd2 Nb6 17. g3 Bxe3 18. Qxe3 Qc7 19. f4 Ra7 20. h4 Rfa8 21. Rf2 Nc6 22.
Raf1 Ra2 23. Rb1 Na4 24. f5 Rxb2 25. Rxb2 Nxb2 26. f6 Qd8 27. Qg5 Qf8 28. Bb3
Nxd3 29. fxg7 Qxg7 30. Qxg7+ Kxg7 31. Rxf7+ Kh8 32. Bd5 Rc8 33. Nf3 h6 34. h5
Ncb4 35. cxb4 Nxb4 36. Be6 Re8 37. Bd7 Rg8 38. Nh4 Rxg3+ 39. Kf1 Rg7 40. Rf8+
Rg8 41. Rf6 c4 42. Rxh6+ Kg7 43. Nf5+ 1-0

[Event "4th HD Bank Cup 2014"]
[Site "Ho Chi Minh City VIE"]
[Date "2014.03.10"]
[Round "1.7"]
[White "Dao, Thien Hai"]
[Black "Tin, Jingyao"]
[Result "0-1"]
[WhiteTitle "GM"]
[BlackTitle "FM"]
[WhiteElo "2508"]
[BlackElo "2225"]
[WhiteFideId "12400084"]
[BlackFideId "5804418"]
[EventDate "2014.03.10"]

1. d4 d5 2. c4 c6 3. Nf3 Nf6 4. Nc3 dxc4 5. a4 Bf5 6. Ne5 Nbd7 7. Nxc4 Nb6 8.
Ne5 e6 9. f3 Nfd7 10. e4 Nxe5 11. exf5 Qh4+ 12. Ke2 O-O-O 13. Be3 Nec4 14. Bf2
Qe7 15. f6 gxf6 16. a5 Qb4 17. Ra2 Nxa5 18. Qc2 Nb3 19. Rxa7 Nxd4+ 20. Bxd4 Qxd4
21. Qc1 f5 22. Qe3 Qxe3+ 23. Kxe3 Bc5+ 24. Ke2 Nc4 25. Ra8+ Kc7 26. Rxd8 Rxd8
27. Nd1 Bb4 0-1

[Event "4th HD Bank Cup 2014"]
[Site "Ho Chi Minh City VIE"]
[Date "2014.03.10"]
[Round "1.8"]
[White "Hoang, Thi Nhu Y"]
[Black "Shyam, Sundar M."]
[Result "1/2-1/2"]
[WhiteTitle "WIM"]
[BlackTitle "GM"]
[WhiteElo "2210"]
[BlackElo "2507"]
[WhiteFideId "12401455"]
[BlackFideId "5019141"]
[EventDate "2014.03.10"]

1. c4 e5 2. g3 g6 3. Bg2 Bg7 4. d3 f5 5. Nf3 Nc6 6. Nc3 Nf6 7. Rb1 a5 8. a3 O-O
9. O-O d6 10. b4 axb4 11. axb4 h6 12. b5 Ne7 13. Qb3 Be6 14. Nd2 Nd7 15. Ba3 Rb8
16. Nd5 g5 17. b6 c5 18. Nxe7+ Qxe7 19. Bb2 g4 20. e3 h5 21. f4 gxf3 22. Nxf3
Bf6 23. d4 cxd4 24. exd4 Rbc8 25. dxe5 dxe5 26. Ba3 Nc5 27. Qe3 e4 28. Nd4 Rfd8
29. Nxe6 Qxe6 30. Qe2 Rd3 31. Bxc5 Rxc5 32. Qxh5 Kg7 33. Bh3 Bd4+ 34. Kh1 Qg6
35. Qh4 Bf6 36. Qf4 e3 37. Rbe1 Bg5 38. Qf3 Qc6 39. Qxc6 Rxc6 40. Rxf5 Bh6 41.
c5 Rc3 42. Bg2 R6xc5 43. Rxc5 Rxc5 44. Bxb7 Rb5 45. Bf3 Rxb6 46. Re2 Rd6 47. Kg2
Rd2 48. Rxd2 exd2 1/2-1/2

[Event "4th HD Bank Cup 2014"]
[Site "Ho Chi Minh City VIE"]
[Date "2014.03.10"]
[Round "1.9"]
[White "Nguyen, Duc Hoa"]
[Black "Pham, Duc Thang"]
[Result "1-0"]
[WhiteTitle "IM"]
[BlackTitle "FM"]
[WhiteElo "2496"]
[BlackElo "2201"]
[WhiteFideId "12401358"]
[BlackFideId "12401420"]
[EventDate "2014.03.10"]

1. e4 c5 2. Nf3 Nc6 3. d4 cxd4 4. Nxd4 g6 5. Nc3 Bg7 6. Be3 Nf6 7. Bc4 O-O 8.
Bb3 d6 9. f3 Bd7 10. Qd2 Na5 11. h4 h5 12. Bh6 Qb6 13. O-O-O Rfc8 14. g4 Nxb3+
15. axb3 hxg4 16. h5 Qa5 17. hxg6 fxg6 18. Kb1 Rc5 19. Bxg7 Kxg7 20. Qh6+ Kf7
21. b4 Qxb4 22. Nd5 Rxd5 23. exd5 Rc8 24. Qg5 Qc4 25. fxg4 Bxg4 26. Rde1 Rc7 27.
Qf4 Bf5 28. Qf2 Qxd5 29. Nxf5 Qxf5 30. Qg2 Ke8 31. Rhf1 Qg4 32. Qf2 Ne4 33. Qf7+
Kd7 34. Qd5 Nc5 35. Rxe7+ Kxe7 36. Rf7+ Ke8 37. Rxc7 1-0

[Event "4th HD Bank Cup 2014"]
[Site "Ho Chi Minh City VIE"]
[Date "2014.03.10"]
[Round "1.11"]
[White "Diu, Viacheslav"]
[Black "Vo, Thi Kim Phung"]
[Result "1/2-1/2"]
[WhiteTitle "IM"]
[BlackTitle "WIM"]
[WhiteElo "2474"]
[BlackElo "2197"]
[WhiteFideId "4167465"]
[BlackFideId "12401838"]
[EventDate "2014.03.10"]

1. e4 c5 2. Nf3 e6 3. d4 cxd4 4. Nxd4 a6 5. Nc3 Qc7 6. Be2 Nf6 7. O-O d6 8. f4
Nbd7 9. Bf3 h5 10. Kh1 Be7 11. Qe2 g6 12. f5 Ne5 13. Bg5 Nfg4 14. Bxe7 Qxe7 15.
Bxg4 hxg4 16. f6 Qc7 17. g3 Bd7 18. Nd1 O-O-O 19. Ne3 Kb8 20. c4 Rh3 21. Rf2
Rdh8 22. Rg2 Qd8 23. Rf1 Qb6 24. Rd1 Qd8 25. Rf1 Qb6 26. Rd1 Qd8 27. Rf1 1/2-1/2

[Event "4th HD Bank Cup 2014"]
[Site "Ho Chi Minh City VIE"]
[Date "2014.03.10"]
[Round "1.12"]
[White "Vo, Dai Hoai Duc"]
[Black "Nguyen, Anh Dung"]
[Result "0-1"]
[BlackTitle "GM"]
[WhiteElo "2187"]
[BlackElo "2469"]
[WhiteFideId "12400033"]
[BlackFideId "12400025"]
[EventDate "2014.03.10"]

1. d4 Nf6 2. c4 e6 3. Nc3 Bb4 4. e3 d5 5. Nf3 c5 6. Bd3 O-O 7. O-O Nc6 8. a3
Bxc3 9. bxc3 Re8 10. Bb2 Qc7 11. Rc1 dxc4 12. Bxc4 e5 13. h3 Bf5 14. Bb5 Rad8
15. Qe2 e4 16. Bxc6 Qxc6 17. Ne5 Qc7 18. c4 Nd7 19. f4 cxd4 20. exd4 f6 21. Nxd7
Qxd7 22. Qe3 b5 23. c5 Qc6 24. Rfe1 Bg6 25. Rcd1 Bf7 26. Qc3 Bd5 27. Bc1 e3 28.
Qb2 Re4 29. Bxe3 Rde8 30. Qf2 h6 31. Bd2 Rxe1+ 32. Rxe1 Rxe1+ 33. Bxe1 Qe6 34.
Bc3 Qe4 35. Kh2 Qd3 36. Qd2 Qf1 37. h4 h5 38. Bb4 Qb1 39. c6 Bxc6 40. d5 Bd7 41.
d6 Qf5 42. Qf2 a6 43. Kg1 Bc6 44. Kh2 Qg4 45. Kg1 Qf5 46. Bc5 a5 47. Bb6 b4 48.
axb4 axb4 49. Bc5 b3 50. Ba3 Qa5 51. Bb2 Qd5 52. Qg3 Kh7 53. f5 Kh8 54. Qg6 Qd1+
55. Kh2 Qxd6+ 56. Kg1 Kg8 57. Kh1 Qd2 0-1

[Event "4th HD Bank Cup 2014"]
[Site "Ho Chi Minh City VIE"]
[Date "2014.03.10"]
[Round "1.13"]
[White "Kuderinov, Kirill"]
[Black "Pham, Bich Ngoc"]
[Result "1-0"]
[WhiteTitle "IM"]
[BlackTitle "WIM"]
[WhiteElo "2454"]
[BlackElo "2186"]
[WhiteFideId "13701568"]
[BlackFideId "12401285"]
[EventDate "2014.03.10"]

1. e4 c5 2. Nf3 Nc6 3. Bb5 e6 4. O-O Nge7 5. Re1 a6 6. Bf1 d5 7. exd5 Nxd5 8. d4
cxd4 9. Nxd4 Bc5 10. Nxc6 Qf6 11. Qe2 bxc6 12. c4 Nf4 13. Qd2 Ng6 14. Nc3 Qe7
15. a3 O-O 16. Ne4 Rd8 17. Qc2 Bd4 18. c5 e5 19. Bg5 f6 20. Bc4+ Kh8 21. Nd6 Be6
22. Be3 Bxe3 23. Rxe3 Nf4 24. g3 Nd5 25. Ree1 a5 26. Bd3 g6 27. Re4 Qg7 28. Rae1
Bg8 29. h4 Rd7 30. Qe2 Rb8 31. Ra4 Ra7 32. Re4 Nc7 33. Bc4 Bd5 34. Bxd5 cxd5 35.
Ra4 Qd7 36. Rg4 a4 37. Rb4 Rf8 38. Qe3 Na6 39. Rb6 Nc7 40. h5 g5 41. h6 Qh3 42.
c6 d4 43. Qe4 Qxh6 44. Rb7 Rxb7 45. cxb7 Na6 46. Rc1 Qg7 47. Rc8 h5 48. Nf5 Qf7
49. Qc6 Nb8 50. Qd6 1-0

[Event "4th HD Bank Cup 2014"]
[Site "Ho Chi Minh City VIE"]
[Date "2014.03.10"]
[Round "1.14"]
[White "Ivana Maria, Furtado"]
[Black "Kashlinskaya, Alina"]
[Result "0-1"]
[WhiteTitle "WIM"]
[BlackTitle "WGM"]
[WhiteElo "2177"]
[BlackElo "2440"]
[WhiteFideId "5048400"]
[BlackFideId "4198026"]
[EventDate "2014.03.10"]

1. d4 Nf6 2. c4 g6 3. Nf3 Bg7 4. g3 O-O 5. Bg2 d6 6. O-O Nbd7 7. Nc3 e5 8. e3
Re8 9. b3 c6 10. a4 Qa5 11. Bb2 Nf8 12. Rc1 Bf5 13. Ba3 e4 14. Nd2 Qc7 15. Re1
h5 16. f3 exf3 17. Qxf3 Bh6 18. Nf1 N8h7 19. h4 Ng4 20. e4 Bxc1 21. Rxc1 Bd7 22.
c5 dxc5 23. Bxc5 Rad8 24. Nd2 Be6 25. d5 cxd5 26. Nxd5 Bxd5 27. exd5 Nhf6 28.
Ba3 Qe5 29. Qd3 Nxd5 30. Nc4 Qf6 31. Qf3 Qd4+ 32. Kh1 Nf2+ 33. Kh2 Nf6 34. Bb2
N6g4+ 35. Kg1 Nh3+ 36. Kh1 Qf2 37. Qc3 Qg1+ 0-1

[Event "4th HD Bank Cup 2014"]
[Site "Ho Chi Minh City VIE"]
[Date "2014.03.10"]
[Round "1.15"]
[White "Tu, Hoang Thong"]
[Black "Liu, Xiangyi"]
[Result "0-1"]
[WhiteTitle "GM"]
[BlackTitle "FM"]
[WhiteElo "2434"]
[BlackElo "2159"]
[WhiteFideId "12400076"]
[BlackFideId "8605718"]
[EventDate "2014.03.10"]

1. d4 Nf6 2. Bg5 d5 3. e3 c5 4. Nd2 Nc6 5. Ngf3 e6 6. c3 h6 7. Bh4 Be7 8. Bd3
O-O 9. O-O b6 10. Ne5 Nxe5 11. dxe5 Nd7 12. Bg3 Bh4 13. Bf4 f5 14. exf6 Qxf6 15.
Nf3 e5 16. Bb5 Bb7 17. Bg3 Bxg3 18. Bxd7 e4 19. fxg3 Qe7 20. Bg4 exf3 21. Bxf3
Qxe3+ 22. Kh1 Rad8 23. Qa4 a6 24. Rae1 Qd3 25. h4 d4 26. Rd1 Rxf3 27. Rxd3 Rxf1+
28. Kh2 Rf2 29. Qb3+ Bd5 30. Qxb6 Rdf8 31. Qxc5 Bxg2 32. Qxd4 Be4+ 33. Kh3 Bf5+
34. g4 Bxd3 35. g5 Bf1+ 36. Kg4 Be2+ 0-1

[Event "4th HD Bank Cup 2014"]
[Site "Ho Chi Minh City VIE"]
[Date "2014.03.10"]
[Round "1.16"]
[White "Pham, Thi Thu Hien"]
[Black "Shyam, Nikil P."]
[Result "1-0"]
[BlackTitle "IM"]
[WhiteElo "2158"]
[BlackElo "2431"]
[WhiteFideId "12402575"]
[BlackFideId "5024218"]
[EventDate "2014.03.10"]

1. e4 c5 2. Nf3 d6 3. d4 cxd4 4. Nxd4 Nf6 5. Nc3 a6 6. Bg5 e6 7. f4 Qc7 8. Qf3
b5 9. a3 Bb7 10. Bd3 Be7 11. O-O-O Nbd7 12. Rhe1 Qb6 13. Nb3 Rc8 14. Qg3 b4 15.
axb4 Qxb4 16. Kb1 h6 17. Bxf6 Nxf6 18. Qxg7 Rg8 19. Qxh6 Rxg2 20. f5 e5 21. Qh3
Rg8 22. Qe3 Ng4 23. Qe2 Qb6 24. Rg1 Nf6 25. Rxg8+ Nxg8 26. Bc4 Nf6 27. Bd5 Nxd5
28. Nxd5 Bxd5 29. Rxd5 Bg5 30. Qg4 Qe3 31. Rxd6 a5 32. f6 Rd8 33. Rxd8+ Kxd8 34.
Qd1+ Kc8 35. Qd5 1-0

[Event "4th HD Bank Cup 2014"]
[Site "Ho Chi Minh City VIE"]
[Date "2014.03.10"]
[Round "1.17"]
[White "Nguyen, Van Huy"]
[Black "Tong, Thai Hung"]
[Result "1-0"]
[WhiteTitle "IM"]
[WhiteElo "2414"]
[BlackElo "2151"]
[WhiteFideId "12401064"]
[BlackFideId "12403555"]
[EventDate "2014.03.10"]

1. Nf3 d5 2. c4 c6 3. e3 Nf6 4. Nc3 a6 5. Qc2 g6 6. d4 Bg7 7. Bd3 O-O 8. O-O Bg4
9. Ne5 Be6 10. Bd2 Nbd7 11. Nxd7 Qxd7 12. cxd5 Nxd5 13. Na4 Qd6 14. Nc5 Bc8 15.
Rad1 a5 16. f4 Nb4 17. Bxb4 axb4 18. Ne4 Qd8 19. Ng5 e6 20. Qb3 Qe7 21. Rc1 Bd7
22. Rc4 Rfb8 23. Rxb4 b5 24. Ne4 Rxa2 25. Qxa2 Qxb4 26. Qa7 Rd8 27. Qc7 Qe7 28.
Ra1 Rc8 29. Qb7 Qd8 30. Ra7 Be8 31. Qe7 Qxe7 32. Rxe7 Rd8 33. Kf2 Kf8 34. Rc7
Rd7 35. Rc8 Ke7 36. Ra8 Rc7 37. Nc5 Bd7 38. g4 Bc8 39. g5 h6 40. h4 hxg5 41.
hxg5 Bf8 42. Be4 Kd8 43. Na6 Rb7 44. Nb8 Kc7 45. Nxc6 Rb6 46. Ra7+ Rb7 47. Ra8
Rb6 48. Ne5 Ra6 49. Rxa6 Bxa6 50. Nxf7 b4 51. b3 1-0

[Event "4th HD Bank Cup 2014"]
[Site "Ho Chi Minh City VIE"]
[Date "2014.03.10"]
[Round "1.18"]
[White "Nguyen, Anh Khoi"]
[Black "Prasanna Raghuram Rao"]
[Result "1/2-1/2"]
[WhiteTitle "FM"]
[BlackTitle "IM"]
[WhiteElo "2147"]
[BlackElo "2410"]
[WhiteFideId "12404675"]
[BlackFideId "5022401"]
[EventDate "2014.03.10"]

1. g3 Nf6 2. Bg2 d5 3. Nf3 Bg4 4. O-O c6 5. d3 Nbd7 6. Nbd2 e5 7. e4 dxe4 8.
dxe4 Bc5 9. c3 O-O 10. Qc2 Re8 11. Nc4 a5 12. Be3 Qc7 13. Rfe1 b5 14. Bxc5 Nxc5
15. Ne3 Bh5 16. Nh4 Rad8 17. f3 Qb6 18. g4 Bg6 19. Bf1 Nd5 20. Nxd5 cxd5 21. Qf2
Qc6 22. Nxg6 hxg6 23. exd5 Rxd5 24. Rad1 Rxd1 25. Rxd1 e4 26. fxe4 Nxe4 27. Qd4
Qe6 28. Qd7 Qb6+ 29. Rd4 Nf6 30. Qxb5 Qe6 31. Qg5 Qxa2 32. Qd2 Qe6 33. h3 Qb6
34. Bg2 Rb8 35. Qf2 Qb5 36. Rd2 Re8 37. Kh2 Qg5 38. Re2 Rb8 39. Qg3 Rd8 40. Bf3
Rd3 41. h4 Qb5 42. Qf4 Qd7 43. Kg2 Nd5 44. Qb8+ Kh7 45. Re8 Nf4+ 46. Kg3 g5 47.
Rh8+ Kg6 48. Qa8 Re3 49. h5+ Kf6 50. Qd8+ Qxd8 51. Rxd8 Nd3 52. Rd5 Ne5 53. Kg2
a4 54. Bd1 a3 55. bxa3 Rxc3 56. a4 Ke6 57. Rb5 Kd6 58. Rb2 Nc4 59. Rb1 Ke5 60.
Kf2 Nd2 61. Rb5+ Kd4 62. Rb7 Ne4+ 63. Kg2 Nd6 64. Rd7 Ke5 65. Bf3 Rd3 66. a5 Ra3
67. Ra7 Kf4 68. Be2 Ra2 69. Kf1 Ra1+ 70. Kg2 Ra2 71. Kf1 Ra1+ 72. Kg2 Ra2 73.
Kf1 f5 74. Rxg7 Ne4 75. Bd1 fxg4 76. h6 g3 77. Rf7+ Ke3 78. h7 Rh2 79. Kg1 Nf2
80. Rf3+ Kd2 81. Rxg3 Rxh7 82. Kxf2 Kxd1 83. Rxg5 Kc2 1/2-1/2

[Event "4th HD Bank Cup 2014"]
[Site "Ho Chi Minh City VIE"]
[Date "2014.03.10"]
[Round "1.19"]
[White "Wynn Zaw Htun"]
[Black "Le, Thi Phuong Lien"]
[Result "1-0"]
[WhiteTitle "IM"]
[BlackTitle "WFM"]
[WhiteElo "2408"]
[BlackElo "2143"]
[WhiteFideId "13002783"]
[BlackFideId "12400254"]
[EventDate "2014.03.10"]

1. Nf3 d5 2. g3 g6 3. Bg2 Bg7 4. O-O e5 5. d3 Ne7 6. Nbd2 O-O 7. c4 c6 8. Rb1 f5
9. Qc2 e4 10. Ne1 Nd7 11. b4 Nf6 12. Nb3 Be6 13. Nc5 Qc8 14. Bb2 Bf7 15. cxd5
cxd5 16. Qd2 b6 17. Nb3 Qd7 18. Nc2 Rad8 19. Rfc1 Nc6 20. b5 Ne7 21. a4 Nh5 22.
Bxg7 Nxg7 23. Nbd4 Ne6 24. Nxe6 Qxe6 25. Qf4 Qf6 26. h4 Rc8 27. Ne3 Kg7 28. dxe4
dxe4 29. Rc7 h6 30. Rd7 g5 31. hxg5 hxg5 32. Qd6 Qxd6 33. Rxd6 f4 34. Rd7 fxe3
35. Rxe7 exf2+ 36. Kxf2 Kf6 37. Rxa7 Ke5 38. Kg1 Be6 39. a5 bxa5 40. b6 Ra8 41.
Rb5+ Kd4 42. Rbxa5 Rac8 43. Ra4+ Bc4 44. b7 Rb8 45. Ra8 Kc5 46. Bxe4 Bxe2 47.
Rxb8 1-0

[Event "4th HD Bank Cup 2014"]
[Site "Ho Chi Minh City VIE"]
[Date "2014.03.10"]
[Round "1.20"]
[White "Nguyen, Sy Hung"]
[Black "Yap, Kim Steven"]
[Result "0-1"]
[BlackTitle "IM"]
[WhiteElo "2131"]
[BlackElo "2407"]
[WhiteFideId "12401374"]
[BlackFideId "5202809"]
[EventDate "2014.03.10"]

1. c4 Nf6 2. Nc3 e5 3. g3 d5 4. cxd5 Nxd5 5. Bg2 Nb6 6. Nf3 Nc6 7. O-O Be7 8. d3
O-O 9. a3 Be6 10. b4 f5 11. Bb2 Bf6 12. Nd2 Qe8 13. Nb3 Rd8 14. Nc5 Bc8 15. Qb3+
Kh8 16. e3 Qh5 17. f4 exf4 18. gxf4 Rfe8 19. Rae1 Bh4 20. Re2 Nd4 21. exd4 Rxe2
22. Nxe2 Qxe2 23. d5 Rd6 24. Qd1 Qxb2 25. Qh5 Rg6 0-1

[Event "4th HD Bank Cup 2014"]
[Site "Ho Chi Minh City VIE"]
[Date "2014.03.10"]
[Round "1.21"]
[White "Nitin, S."]
[Black "Le, Hoang Tran Chau"]
[Result "0-1"]
[WhiteTitle "IM"]
[BlackTitle "WFM"]
[WhiteElo "2378"]
[BlackElo "2124"]
[WhiteFideId "5018277"]
[BlackFideId "12401854"]
[EventDate "2014.03.10"]

1. e4 d5 2. exd5 Qxd5 3. Nc3 Qd6 4. d4 Nf6 5. Nf3 c6 6. Ne5 Nbd7 7. f4 e6 8. g4
Qc7 9. Bg2 c5 10. Be3 cxd4 11. Bxd4 Bc5 12. g5 Bxd4 13. Qxd4 Nh5 14. O-O-O Nxf4
15. Nxf7 O-O 16. Qd6 Qxd6 17. Nxd6 Nxg2 18. Nxc8 Raxc8 19. Rxd7 Rf7 20. Rhd1
Rcf8 21. Ne4 Nf4 22. Rxf7 Rxf7 23. Rd8+ Rf8 24. Rd7 Rf7 25. Rd6 Rc7 26. Kd2 Kf7
27. b3 Ke7 28. c4 b6 29. Ke3 e5 30. a4 Rd7 31. Rxd7+ Kxd7 32. b4 Ne6 33. Kd3 Nd4
34. a5 bxa5 35. b5 Kc7 36. Nc5 Nf3 37. Ne6+ Kb6 38. h3 g6 39. Nf8 a4 40. Nd7+
Ka5 41. Nc5 Nxg5 42. Kc3 a3 43. Kb3 a2 44. Kxa2 Kb4 45. Nd7 e4 46. h4 e3 47.
hxg5 e2 48. Ne5 Kc3 49. Nf3 Kxc4 50. Kb2 Kxb5 51. Kc3 Kc5 52. Kd3 Kd5 53. Kxe2
Ke4 54. Nd2+ Kf4 55. Nf3 a5 56. Nd4 Kxg5 57. Ne6+ Kf5 58. Nd4+ Ke5 0-1

[Event "4th HD Bank Cup 2014"]
[Site "Ho Chi Minh City VIE"]
[Date "2014.03.10"]
[Round "1.22"]
[White "Doan, Van Duc"]
[Black "Vijayalakshmi, Subbaraman"]
[Result "1/2-1/2"]
[BlackTitle "IM"]
[WhiteElo "2124"]
[BlackElo "2365"]
[WhiteFideId "12400335"]
[BlackFideId "5004098"]
[EventDate "2014.03.10"]

1. Nf3 Nf6 2. g3 e6 3. Bg2 c5 4. d4 Nc6 5. c4 cxd4 6. Nxd4 a6 7. O-O Be7 8. Nc3
O-O 9. b3 Qc7 10. e4 Rd8 11. Nde2 Rb8 12. Bf4 d6 13. Rc1 Bd7 14. Qd2 Ne5 15. h3
Rbc8 16. Rfd1 Qb8 17. Be3 b5 18. cxb5 axb5 19. f4 Ng6 20. a3 Be8 21. b4 Nd7 22.
Qd3 Nb6 23. Nxb5 Na4 24. Na7 Nb2 25. Qb3 Nxd1 26. Nxc8 Rxc8 27. Qxd1 h5 28. h4
Nf8 29. Rxc8 Qxc8 30. Qb3 Qa6 31. Nd4 Ba4 32. b5 Qa5 33. Qb4 Qxb4 34. axb4 Nd7
35. Nc6 Kf8 36. Nxe7 Kxe7 37. Bf1 Bc2 38. Bg2 Kd8 39. Bd4 e5 40. Bc3 Bd3 41. Kf2
Bxb5 42. Bh3 f6 43. Ke3 Nb6 44. Bf5 Nc4+ 45. Kf3 Be8 46. Be6 Na3 47. Bb2 Nb5 48.
Bc4 Nc7 49. Bc1 Bc6 50. fxe5 dxe5 51. Ke3 Ke7 52. Be2 g6 53. Bd3 Kd6 54. Bc4 Ke7
55. Bb2 Bb5 56. Bb3 Ne8 57. Bd5 Nd6 58. Bc3 Kd7 59. Bb3 Bc6 60. Bc2 Bb5 61. Bd1
Bc6 62. Bf3 Ke6 63. Be1 Ke7 64. Bf2 Kd7 65. Be1 Kc7 66. Bd2 Kb6 67. Be1 Kb5 68.
Be2+ Ka4 69. Bd3 Kb3 70. Be2 Bxe4 71. b5 Bb7 72. Ba5 Nf5+ 73. Kf2 e4 74. Bd8 e3+
75. Ke1 Nxg3 76. Bxf6 Kc2 77. Bc4 Ne4 78. Be5 Nd2 79. Be2 Nf3+ 80. Bxf3 Bxf3 81.
Bf4 Kd3 82. Bg5 Bd5 83. b6 Ke4 84. Ke2 Bc4+ 85. Ke1 Ba6 86. Bd8 Kf3 87. Be7 Kg3
88. Bd8 1/2-1/2

[Event "4th HD Bank Cup 2014"]
[Site "Ho Chi Minh City VIE"]
[Date "2014.03.10"]
[Round "1.23"]
[White "Dimakiling, Oliver"]
[Black "Tran, Quang Khai"]
[Result "1-0"]
[WhiteTitle "IM"]
[WhiteElo "2364"]
[BlackElo "2091"]
[WhiteFideId "5202248"]
[BlackFideId "12402591"]
[EventDate "2014.03.10"]

1. Nf3 c5 2. e4 Nc6 3. Nc3 e6 4. Bb5 Qc7 5. a4 Nd4 6. Nxd4 cxd4 7. Ne2 a6 8. Bd3
Nf6 9. O-O Bc5 10. b4 Bxb4 11. Nxd4 O-O 12. Qe2 e5 13. c3 Bc5 14. Nf3 Re8 15.
Bc4 d5 16. Bxd5 Nxd5 17. exd5 Bg4 18. d3 f5 19. Be3 Bd6 20. h3 Bh5 21. g4 Bf7
22. c4 e4 23. dxe4 fxg4 24. Nd2 h5 25. hxg4 Bg6 26. f3 hxg4 27. Qg2 Bc5 28. Bxc5
Qxc5+ 29. Rf2 Qd4 30. Re1 Bf5 31. fxg4 Bd7 32. Qg3 b5 33. Qe3 Qe5 34. c5 Bxg4
35. Rg2 Qh5 36. Qg3 1-0

[Event "4th HD Bank Cup 2014"]
[Site "Ho Chi Minh City VIE"]
[Date "2014.03.10"]
[Round "1.24"]
[White "Ngo, Thi Kim Tuyen"]
[Black "Pham, Chuong"]
[Result "0-1"]
[BlackTitle "FM"]
[WhiteElo "2083"]
[BlackElo "2353"]
[WhiteFideId "12400505"]
[BlackFideId "12401218"]
[EventDate "2014.03.10"]

1. d4 Nf6 2. c4 e5 3. dxe5 Ng4 4. e6 fxe6 5. e4 Ne5 6. Qh5+ Nf7 7. Nh3 g6 8. Qg4
Nc6 9. Bd2 d5 10. exd5 exd5 11. Qe2+ Be7 12. cxd5 Nd4 13. Qe4 c5 14. Bd3 Bxh3
15. gxh3 O-O 16. f4 Bh4+ 17. Kd1 Nd6 18. Qg2 N6f5 19. Nc3 a6 20. Ne4 Rc8 21. Rc1
Qe7 22. d6 Nxd6 23. Nxc5 Qf7 24. Ne4 Qxa2 25. Rxc8 Rxc8 26. Bc3 Qa4+ 27. Kc1
Nb3+ 28. Kb1 Rxc3 29. Nxc3 Qa1+ 30. Kc2 Nd4+ 0-1

[Event "4th HD Bank Cup 2014"]
[Site "Ho Chi Minh City VIE"]
[Date "2014.03.10"]
[Round "1.25"]
[White "Tran, Tuan Minh"]
[Black "Duong, Thuong Cong"]
[Result "1-0"]
[WhiteTitle "FM"]
[WhiteElo "2353"]
[BlackElo "2078"]
[WhiteFideId "12401820"]
[BlackFideId "12402443"]
[EventDate "2014.03.10"]

1. d4 Nf6 2. c4 e5 3. dxe5 Ng4 4. Nf3 Nc6 5. Bf4 Bb4+ 6. Nbd2 Qe7 7. e3 Ngxe5 8.
Nxe5 Nxe5 9. Be2 d6 10. O-O Be6 11. Nf3 Nc6 12. Nd4 Nxd4 13. exd4 O-O 14. a3 Ba5
15. b4 Bb6 16. c5 dxc5 17. dxc5 Bxc5 18. bxc5 Qxc5 19. Bf3 Rfd8 20. Qc1 Qxc1 21.
Raxc1 c6 22. Rb1 Rd7 23. Rfd1 Rxd1+ 24. Rxd1 Rc8 25. Be3 a6 26. Bb6 Kf8 27. Rb1
Kg8 28. a4 f5 29. a5 g5 30. Re1 Kf7 31. h3 Ke7 32. g4 Kd6 33. Rd1+ Ke5 34. Kg2
Rg8 35. Bc7+ Kf6 36. Rb1 h5 37. gxf5 1-0